[Event "VISA Nordic GP fin"]
[Site "Gentofte"]
[Date "1999.08.07"]
[Round "1"]
[White "Westerinen, Heikki MJ"]
[Black "Schandorff, Lars"]
[Result "1/2-1/2"]
[WhiteElo "2382"]
[BlackElo "2514"]

1.e4 c5 2.Nf3 Nc6 3.Bb5 e6 4.O-O Nge7 5.c3 a6 6.Ba4 b5 7.Bc2 Bb7 8.Re1 Rc8
9.a3 c4 10.d4 cxd3 11.Qxd3 Ng6 12.Nbd2 Be7 13.Nb3 Qc7 14.Nbd4 O-O 15.Be3 Nce5
16.Nxe5 Nxe5 17.Qe2 Nc4 18.Bc1 Bf6 19.Nf3 g6 20.Bh6 Rfe8 21.Rab1 d6 22.Nd2 Nxd2
23.Qxd2 d5 24.exd5 Bxd5 25.Qf4 Qxf4 26.Bxf4 Red8 27.Be4 Bxe4 28.Rxe4 Rc4
29.Rxc4 bxc4 30.Re1 g5 31.Be3 Rd5 32.Kf1 Kf8 33.Ke2 Ke7 34.Rd1 Kd6 35.g4 Rxd1
36.Kxd1 Kd5 37.f3 Be7 38.Kc2 f5 39.h3 f4 40.Bb6 e5 41.Kd2 Kc6 42.Ba5 Kd5
43.a4 e4 44.Ke2 Bf6  1/2-1/2

[Event "MK Cafe Cup-B"]
[Site "Koszalin"]
[Date "1999.08.07"]
[Round "5"]
[White "Vokarev, Sergey"]
[Black "Khasin, Alexander"]
[Result "1-0"]
[WhiteElo "2469"]
[BlackElo "2511"]

1.e4 c5 2.Nf3 Nc6 3.Bb5 g6 4.Bxc6 dxc6 5.d3 Bg7 6.h3 Nf6 7.Nc3 Nd7 8.Be3 e5
9.Qd2 h6 10.O-O Qe7 11.Nh2 Nf8 12.f4 exf4 13.Rxf4 Ne6 14.Rf2 Nd4 15.Raf1 Be6
16.Ng4 f5 17.Nxh6 Qh4 18.exf5 gxf5 19.Nxf5 Bxf5 20.Rxf5 Nxf5 21.Rxf5 O-O-O
22.Bxc5 Rhe8 23.Bf2 Qb4 24.Bg3 Bd4+ 25.Kh2 Be3 26.Qd1 Bb6 27.Rf4 Qc5 28.Na4  1-0

[Event "Scandic Hotels CC (Women)"]
[Site "Stockholm"]
[Date "1999.08.07"]
[Round "8"]
[White "Agrest, Svetlana"]
[Black "Dubinka, Inna"]
[Result "1/2-1/2"]
[WhiteElo "2204"]
[BlackElo "2295"]

1.e4 c5 2.Nf3 Nc6 3.Bb5 g6 4.O-O Bg7 5.Re1 Nf6 6.e5 Nd5 7.Nc3 Nc7 8.Bxc6 bxc6
9.Ne4 Ne6 10.d3 O-O 11.Be3 d6 12.Qc1 Nd4 13.Nxd4 cxd4 14.Bxd4 dxe5 15.Bc5 a5
16.Qe3 Rb8 17.Rab1 Qc7 18.Nd2 Be6 19.b3 Bd5 20.c4 Be6 21.Nf3 f6 22.d4 Bg4
23.dxe5 Bxf3 24.Qxf3 fxe5 25.Qg4 Rf5 26.Rbd1 a4 27.b4 Bf8 28.Rd3 e6 29.Bxf8 Rbxf8
30.f3 Qe7 31.a3 Rf4 32.Qg3 Qf6 33.Rde3 Rxc4 34.Rxe5 Re8 35.Qf2 Rc3 36.Qa7 Rxa3
37.Qd7 Rd8 38.Qxc6 Ra2 39.Rxe6 Qd4+ 40.Kh1 Qd2 41.Re8+ Kg7 42.Qc7+ Kh6 43.Qg3 Rxe8
44.Qh4+ Kg7 45.Re7+  1/2-1/2

[Event "Budapest FS08 IM"]
[Site "Budapest"]
[Date "1999.08.08"]
[Round "2"]
[White "Kotan, Ladislav"]
[Black "Dembo, Yelena"]
[Result "1-0"]
[WhiteElo "2317"]
[BlackElo "2244"]

1.e4 c5 2.Nf3 Nc6 3.Bb5 g6 4.O-O Bg7 5.Re1 e5 6.Bxc6 dxc6 7.d3 Qe7 8.Be3 Nf6
9.a4 a5 10.Na3 O-O 11.Nc4 Nd7 12.c3 b6 13.Qc2 Ba6 14.Nfd2 Rab8 15.f4 Bh6
16.f5 Bxe3+ 17.Rxe3 Nf6 18.Qb3 Kg7 19.Rf1 Qc7 20.Ref3 b5 21.axb5 cxb5 22.Ne3 Qd6
23.Qc2 Rbd8 24.Nd5 Nxd5 25.exd5 c4 26.f6+ Kh8 27.Ne4 Qb6+ 28.Kh1 Rxd5 29.Qc1 Rxd3  1-0

[Event "VISA Nordic GP fin"]
[Site "Gentofte"]
[Date "1999.08.08"]
[Round "2"]
[White "Westerinen, Heikki MJ"]
[Black "Gausel, Einar"]
[Result "1/2-1/2"]
[WhiteElo "2382"]
[BlackElo "2500"]

1.e4 c5 2.Nf3 Nc6 3.Bb5 e6 4.O-O Nge7 5.Nc3 Nd4 6.Nxd4 cxd4 7.Ne2 a6 8.Ba4 b5
9.Bb3 Nc6 10.d3 Bc5 11.f4 Qh4 12.Ng3 Bb7 13.Qh5 Be7 14.f5 g6 15.Qxh4 Bxh4
16.Bh6 Bxg3 17.hxg3 gxf5 18.exf5 Rg8 19.fxe6 dxe6 20.Bf4 O-O-O 21.Rfe1 Rg6
22.Kf2 Rgg8 23.Rh1 Rg7 24.Rh5 Kd7  1/2-1/2

[Event "MK Cafe Cup-A"]
[Site "Koszalin"]
[Date "1999.08.08"]
[Round "6"]
[White "Magomedov, Magaram"]
[Black "Bu Xiangzhi"]
[Result "1/2-1/2"]
[WhiteElo "2604"]
[BlackElo "2465"]

1.e4 c5 2.Nf3 Nc6 3.Bb5 g6 4.O-O Bg7 5.Re1 Nf6 6.Nc3 O-O 7.e5 Ne8 8.Bxc6 dxc6
9.Ne4 b6 10.d3 Nc7 11.h3 Ne6 12.a4 a5 13.c3 Ra7 14.Qc2 Ba6 15.c4 Rd7 16.Ra3 h6
17.Be3  1/2-1/2

[Event "MK Cafe Cup-A"]
[Site "Koszalin"]
[Date "1999.08.08"]
[Round "6"]
[White "Poluljahov, Aleksandr"]
[Black "Lanka, Zigurds"]
[Result "1-0"]
[WhiteElo "2554"]
[BlackElo "2504"]

1.e4 c5 2.Nf3 Nc6 3.Bb5 g6 4.O-O Bg7 5.Re1 e5 6.Bxc6 dxc6 7.d3 Qe7 8.a3 Nf6
9.b4 O-O 10.Nbd2 Rd8 11.Nc4 Nd7 12.Bd2 f6 13.h3 b6 14.Qb1 Ba6 15.Ne3 Nf8
16.bxc5 bxc5 17.Qb3+ Ne6 18.Qa4 Qb7 19.Rab1 Qc8 20.Nc4 Kh8 21.Rb2 Nd4 22.Nxd4 cxd4
23.f4 Bb5 24.Qb3 Bh6 25.Rf1 Qa6 26.Na5 Qc8 27.Nc4 Qa6 28.Na5 Qc8 29.a4 Ba6
30.Qf7 Rf8 31.Qe7 c5 32.Rfb1 Bg7 33.fxe5 fxe5 34.Nb7 Re8 35.Qd6 c4 36.Qxa6 c3
37.Bxc3 Qxc3 38.Nd6 Rf8 39.Qc4 Bf6 40.Qxc3 dxc3 41.Rb7 Kg8 42.Rc7 Bd8 43.Rxc3 Bb6+
44.Kh2 Rf2 45.Nc8 Be3 46.Ne7+ Kg7 47.Nd5 Bd2 48.Rc7+ Kh6 49.Kg3 Raf8 50.Rbb7  1-0

[Event "Scandic Hotels CC"]
[Site "Stockholm"]
[Date "1999.08.08"]
[Round "9"]
[White "Brynell, Stellan"]
[Black "Yakovich, Yuri"]
[Result "1-0"]
[WhiteElo "2488"]
[BlackElo "2592"]

1.e4 c5 2.Nf3 Nc6 3.Bb5 g6 4.O-O Bg7 5.Re1 e5 6.b4 cxb4 7.a3 Nge7 8.axb4 O-O
9.Bb2 d6 10.Bxc6 Nxc6 11.b5 Na5 12.d3 a6 13.Nc3 Bd7 14.Ba3 Bxb5 15.Nxb5 axb5
16.Qb1 Qd7 17.Qb4 Ra6 18.Rab1 Rc8 19.Qxb5 Qxb5 20.Rxb5 Rxc2 21.Bxd6 Rxd6
22.Rxa5 Rxd3 23.h3 Bf8 24.Rb1 Bc5 25.Rxb7 Bxf2+ 26.Kh2 Bd4 27.Ne1 Rdd2 28.Nxc2 Rxc2
29.Rd5 h5 30.Rdd7 Rf2 31.Rb3 Rf6 32.Rf3 Kg7 33.Kg3 Bc5 34.Rc7 Bd4 35.Re7 Bc5
36.Rb7 Bd4 37.Rxf6 Kxf6 38.Kf3 Bc5 39.Rc7 Bd4 40.Ke2 Bg1 41.Kd3 Bh2 42.Kc4 Bg3
43.Kd5 h4 44.Kd6 Bf4 45.Rc8 Bd2 46.Rh8 Be1 47.Rh7 g5 48.Rh8 g4 49.Rh5 gxh3
50.gxh3 Kg6 51.Rf5 Bc3 52.Kd7 Bd2 53.Rxe5 Bg5 54.Rf5 Bf6 55.Ke8 Kg7 56.e5  1-0

[Event "Chania op 9th"]
[Site "Chania"]
[Date "1999.08.09"]
[Round "7"]
[White "Zahariev, Zahari"]
[Black "Souleidis, Georgios"]
[Result "0-1"]
[WhiteElo "2422"]
[BlackElo "2410"]

1.e4 c5 2.Nf3 Nc6 3.Bb5 g6 4.O-O Bg7 5.c3 Nf6 6.Re1 O-O 7.d4 cxd4 8.cxd4 d5
9.e5 Ne4 10.Bxc6 bxc6 11.Nbd2 c5 12.dxc5 Nxc5 13.Nb3 Nxb3 14.Qxb3 d4 15.Qd3 Bb7
16.Qxd4 Bxf3 17.Qxd8 Rfxd8 18.gxf3 Rab8 19.b3 Rb5 20.f4 g5 21.Rb1 gxf4 22.Bxf4 Rd4
23.Bg3 h5 24.h4 Rd2 25.a4 Rb7 26.Re4 Ra2 27.Kg2 e6 28.Rc4 Kh7 29.Rd1 Kg6
30.Rd3 Rb2 31.Rdc3 Bh6 32.Rc7 R2xb3 33.Rxb7 Rxb7 34.Rc5 Bd2 35.Rc2 Bh6 36.Rc5 Bd2
37.Rc2 Ba5 38.Rc8 Rb4 39.Rg8+ Kh7 40.Ra8 Bb6 41.a5 Bc5 42.Rc8 Rb5 43.Bf4 Rxa5
44.Bg5 Bd4 45.f4 Kg6 46.Kf3 Kf5 47.Rf8 Ra3+ 48.Ke2 Ke4 49.Rxf7 Ra2+ 50.Kf1 Kf3
51.Ke1 Be3 52.Rd7 Ra1+ 53.Rd1 Rxd1+ 54.Kxd1  0-1

[Event "Valoz Cup"]
[Site "Olomouc"]
[Date "1999.08.09"]
[Round "4"]
[White "Pisk, Petr"]
[Black "Salai, Ladislav"]
[Result "1/2-1/2"]
[WhiteElo "2419"]
[BlackElo "2409"]

1.e4 c5 2.Nf3 Nc6 3.Bb5 g6 4.O-O Bg7 5.c3 Nf6 6.Re1 O-O 7.d4 d5 8.e5 Ne4
9.Bxc6 bxc6 10.Nbd2 cxd4 11.cxd4 c5 12.dxc5 Nxc5 13.Nb3 Nxb3 14.Qxb3 Bg4
15.Nd4 Qd7 16.Qg3 Rac8 17.b3 Be6 18.Bg5 Rc7 19.h4 h5 20.Rac1 Rfc8 21.Rxc7 Rxc7
22.Bd2 Qc8 23.Ba5 Rc1 24.Qe3 Rxe1+ 25.Bxe1 Bf5 26.Bb4 Qb7 27.a3 Be4 28.f3 Bb1
29.Ne2 Qc7 30.Bc3 Bc2 31.Bd4 Bd1  1/2-1/2

[Event "MK Cafe Cup-B"]
[Site "Koszalin"]
[Date "1999.08.10"]
[Round "7"]
[White "Kazhgaleyev, Murtas"]
[Black "Bator, Robert"]
[Result "0-1"]
[WhiteElo "2531"]
[BlackElo "2431"]

1.e4 c5 2.Nf3 Nc6 3.Bb5 g6 4.O-O Bg7 5.c3 Nf6 6.Re1 O-O 7.h3 Qb6 8.Na3 d5
9.e5 Ne8 10.b3 Nc7 11.Bf1 Ne6 12.Bb2 Nf4 13.d4 cxd4 14.cxd4 Bf5 15.Nh4 Bd7
16.Nc2 f6 17.exf6 Rxf6 18.Ne3 Raf8 19.Qd2 g5 20.Nf3 Nxh3+ 21.gxh3 Rxf3 22.Nxd5 Qd8
23.Bg2 Rxf2 24.Qxf2 Rxf2 25.Kxf2 e6 26.Ne3 Nxd4 27.Rad1 e5 28.Kg1 Bc6 29.Rf1 Bxg2
30.Kxg2 Qd7 31.Kh2 h5 32.Rf2 Qc6 33.Rdf1 Qe4 34.Bxd4 exd4 35.Nf5 Be5+ 36.Kg1 Bf4
37.Ng3 Qe5 38.Re2 Be3+ 39.Kg2 d3 40.Ree1 d2 41.Rd1 Bf4 42.Nh1 Qe2+ 43.Nf2 Be3  0-1

[Event "Chania op 9th"]
[Site "Chania"]
[Date "1999.08.11"]
[Round "9"]
[White "Zahariev, Zahari"]
[Black "Botsari Miladinovic, Anna Maria"]
[Result "1-0"]
[WhiteElo "2422"]
[BlackElo "2309"]

1.e4 c5 2.Nf3 Nc6 3.Bb5 e6 4.b3 Nd4 5.Nxd4 cxd4 6.O-O Bc5 7.Bb2 a6 8.Bd3 Ne7
9.c3 Nc6 10.Na3 O-O 11.Nc2 dxc3 12.dxc3 Qh4 13.Nd4 d6 14.Nxc6 bxc6 15.b4 Ba7
16.c4 e5 17.Qc2 Qg5 18.Kh1 f5 19.exf5 Bxf5 20.Rad1 Rad8 21.Bxf5 Rxf5 22.Qa4 Bxf2
23.Qxc6 Qh5 24.h3 Bg3 25.Qd5+ Kh8 26.Rxf5 Qxf5 27.Qf3 Qc2 28.c5 Bf4 29.Qb3 Qxb3
30.axb3 d5 31.Kg1 d4 32.Kf2 Kg8 33.Kf3 Kf7 34.g3 Bg5 35.Ke4 Rb8 36.Kxe5 Rxb4
37.Rd3 Bf6+ 38.Kd5 a5 39.Bxd4 Bxd4 40.Rxd4 Rxb3 41.Kd6 Rxg3 42.c6 Rxh3 43.c7 Rc3
44.Rd5 Rxc7 45.Kxc7 a4 46.Kd6 Kf6 47.Rd1 Kf5 48.Kd5 h5 49.Rf1+ Kg4 50.Ke4 Kg3
51.Rg1+ Kf2 52.Rh1 g5 53.Rxh5 g4 54.Rh2+ Kg3 55.Ra2 Kh3 56.Kf4 g3 57.Kf3 a3
58.Rg2  1-0

[Event "MK Cafe Cup-A"]
[Site "Koszalin"]
[Date "1999.08.11"]
[Round "8"]
[White "Pedzich, Dominik"]
[Black "Teske, Henrik"]
[Result "1-0"]
[WhiteElo "2428"]
[BlackElo "2515"]

1.e4 c5 2.Nf3 Nc6 3.Bb5 e6 4.O-O Nge7 5.Re1 a6 6.Bxc6 Nxc6 7.d4 cxd4 8.Nxd4 Qc7
9.Nxc6 Qxc6 10.Nc3 b5 11.a4 b4 12.Nd5 Bb7 13.Bf4 Kd8 14.Bc7+ Ke8 15.Bg3 Rc8
16.a5 Qxc2 17.Nb6 Qxd1 18.Raxd1 Rc2 19.Rxd7 Bxe4 20.Bh4 f6 21.h3 Rc6 22.Ra7 Bc2
23.Rxa6 g5 24.Bg3 Kf7 25.Ra7+ Kg6 26.Nd7 b3 27.Rb7 Ra6 28.Bc7 e5 29.Rb6 Rxb6
30.axb6 Bb4 31.Re3 Ba5 32.g4 e4 33.Bd6 Rd8 34.b7  1-0

[Event "MK Cafe Cup-A"]
[Site "Koszalin"]
[Date "1999.08.12"]
[Round "9"]
[White "Sutovskij, Emil"]
[Black "Shishkin, Vadim"]
[Result "1/2-1/2"]
[WhiteElo "2587"]
[BlackElo "2475"]

1.e4 c5 2.Nf3 Nc6 3.Bb5 g6 4.Bxc6 bxc6 5.O-O Bg7 6.Re1 Nh6 7.c3 O-O 8.d4 cxd4
9.cxd4 d6 10.Nc3 f6 11.b3 Nf7 12.Bb2 Qa5 13.Nd2 Ba6 14.Ne2 Bh6 15.Nf3 Rac8
16.Bc1 Bxc1 17.Rxc1 c5 18.d5 Bxe2 19.Rxe2 Rb8 20.Ne1 Qb5 21.Nd3 Rfc8 22.Rc4 Qd7
23.Re3 Ne5 24.Nxe5 fxe5 25.Qd2 Rf8 26.Ra4 Rb5 27.h3 Kg7 28.Rc3 Rfb8 29.Rcc4 R8b6
30.h4 h6 31.h5 g5 32.Qe2 Rb8 33.Rc3 Rf8 34.Rf3 Rxf3 35.Qxf3 Rb7 36.Kh2 Rb8
37.Qh3 Rb7 38.Ra6 Kf6 39.Rc6 Qxh3+ 40.Kxh3 Rb4 41.f3 a5 42.Ra6 a4 43.bxa4 Rb2
44.a3 Rb3 45.Ra8 c4 46.a5 Rxa3 47.a6 c3 48.Kg4 Kf7 49.a7 c2 50.Rc8 Rxa7 51.Rxc2 Ra8
52.Kf5 Rb8 53.g3 Rb3 54.Rf2 Ra3 55.Rf1 Rb3 56.Rf2 Ra3 57.Rf1  1/2-1/2

[Event "MK Cafe Cup-A"]
[Site "Koszalin"]
[Date "1999.08.13"]
[Round "10"]
[White "Sulskis, Sarunas"]
[Black "Sutovskij, Emil"]
[Result "1/2-1/2"]
[WhiteElo "2521"]
[BlackElo "2587"]

1.e4 c5 2.Nf3 Nc6 3.Bb5 g6 4.Bxc6 dxc6 5.d3 Bg7 6.Nc3 Bg4 7.h3 Bxf3 8.Qxf3 Nf6
9.O-O e5 10.Nd1 Nd7 11.Ne3 Nf8 12.a4 Ne6 13.Nc4 O-O 14.Bd2 a5 15.Rfe1 Nd4
16.Qd1 b6 17.g3 h5 18.h4 Kh7 19.Kg2 Ne6 20.Ra3 f5 21.exf5 Rxf5 22.Re4 Qf6
23.Qe1 Nd4 24.Bg5 Rxg5 25.Rxd4 cxd4 26.hxg5 Qxg5 27.Ra1 Rf8 28.Qe2 Qd8 29.Qe4 Qc7
30.Rh1 Rf5 31.g4 Rf4 32.Rxh5+ Bh6 33.Qxe5 Qf7 34.Rxh6+ Kxh6 35.Qh8+ Kg5 36.Qe5+ Kh6
37.Qh8+ Kg5 38.Qe5+ Kh6  1/2-1/2

[Event "MK Cafe Cup-B"]
[Site "Koszalin"]
[Date "1999.08.13"]
[Round "10"]
[White "Hasangatin, Ramil"]
[Black "Murdzia, Piotr"]
[Result "1/2-1/2"]
[WhiteElo "2449"]
[BlackElo "2375"]

1.e4 c5 2.Nf3 Nc6 3.Bb5 e6 4.Bxc6 bxc6 5.d3 Ne7 6.Bd2 Ng6 7.h4 h5 8.e5 f6
9.Qe2 fxe5 10.Qe4 Qf6 11.Nc3 d5 12.Qa4 Bd7 13.Bg5 Qf5 14.O-O-O Bd6 15.Ne4 Bc7
16.Nxc5 Bb6 17.Nxd7 Kxd7 18.Be3 Qg4 19.Qa6 Rhb8 20.d4 e4 21.Nd2 Nxh4 22.f3 exf3
23.gxf3 Nxf3 24.Rhg1 Bxd4 25.Bxd4 Qxd4 26.c3 Qe3 27.Rg3 Rf8 28.Qb7+ Kd6 29.Rxf3 Rxf3
30.Qxa8 Rf2 31.Qd8+ Ke5 32.Qh4 g6 33.Qd8 g5 34.Qc7+ Kf6 35.Qd8+ Kg6 36.Qg8+ Kh6
37.Qh8+ Kg6 38.Qg8+ Kh6 39.Qh8+ Kg6 40.Qe8+ Kh6 41.Qh8+  1/2-1/2

[Event "Baunatal op 5th"]
[Site "Baunatal"]
[Date "1999.08.14"]
[Round "4"]
[White "Maric, Davor"]
[Black "Sprenger, Jan Michael"]
[Result "1-0"]
[WhiteElo "1907"]
[BlackElo "2191"]

1.e4 c5 2.Nf3 Nc6 3.Bb5 Qc7 4.O-O e6 5.Re1 Nge7 6.c3 a6 7.Ba4 c4 8.d4 cxd3
9.Qxd3 Ng6 10.Bxc6 bxc6 11.e5 d6 12.exd6 Bxd6 13.Nbd2 c5 14.Nc4 Be7 15.Nfe5 Bb7
16.Qg3 Rd8 17.Be3 Bh4 18.Qh3 Nxe5 19.Nxe5 Qxe5 20.Qxh4 O-O 21.Qg3 Qh5 22.f3 Rd5
23.Rad1 c4 24.Qc7 Rxd1 25.Rxd1 Bd5 26.b4 Qg6 27.Qg3 Qc2 28.Qe1 Rd8 29.Qd2 Qg6
30.a4 Ra8 31.b5 axb5 32.axb5 h5 33.Qf2 h4 34.h3 f6 35.b6 Ra3 36.Bd4 Rb3 37.Kh2 Kf7
38.Qxh4 Rb2 39.Qg3 Qxg3+ 40.Kxg3 e5 41.Bxe5 Ke6 42.Bd4 Kd6 43.h4 Re2 44.Ra1 Re7
45.Ra5 Rb7 46.Ra7 Ke6 47.Kf4 g6 48.Rxb7 Bxb7 49.g4 Bc6 50.g5 f5 51.Ke3 Kd5
52.Kf4 Ke6 53.Be5 Bb7 54.h5 gxh5 55.g6 h4 56.Kg5 h3 57.Bf4 Bxf3 58.Kh6 Kd7
59.g7 Bd5 60.b7  1-0

[Event "Baunatal op 5th"]
[Site "Baunatal"]
[Date "1999.08.14"]
[Round "4"]
[White "Griezene, Edvins"]
[Black "Kaid, Almar"]
[Result "1/2-1/2"]
[WhiteElo "2176"]
[BlackElo "2257"]

1.Nf3 c5 2.e4 Nc6 3.Bb5 g6 4.O-O Bg7 5.Bxc6 dxc6 6.d3 Nf6 7.h3 Nd7 8.Nc3 e5
9.Be3 Qe7 10.Nd2 O-O 11.Qe1 Rd8 12.f4 exf4 13.Bxf4 Ne5 14.Nd1 b6  1/2-1/2

[Event "Budapest FS08 IM"]
[Site "Budapest"]
[Date "1999.08.15"]
[Round "9"]
[White "Kotan, Ladislav"]
[Black "Ruiz Gonzalez, Guillermo"]
[Result "1-0"]
[WhiteElo "2317"]
[BlackElo "2309"]

1.e4 c5 2.Nf3 Nc6 3.Bb5 g6 4.O-O Bg7 5.Re1 e5 6.Bxc6 dxc6 7.d3 b6 8.a4 f6
9.a5 Ba6 10.Be3 Nh6 11.Nc3 O-O 12.h3 Qc7 13.Na4 f5 14.Bxh6 Bxh6 15.exf5 Rxf5
16.axb6 axb6 17.Nc3 Bg7 18.Re4 b5 19.Qe2 Rff8 20.Qe3 Qd6 21.Nxe5 b4 22.Ne2 Bb5
23.Rb1 Rf5 24.Nf3 Qd5 25.Ng3 Rff8 26.Re7 Ra2 27.Ne4 Bxb2 28.Qh6 Qh5 29.Qe3 Bg7
30.Neg5 Rxc2 31.Qe6+ Kh8 32.Nf7+  1-0

[Event "Ikaros op"]
[Site "Ikaros"]
[Date "1999.08.15"]
[Round "2"]
[White "Pedersen, Jan"]
[Black "Managadze, Nikoloz"]
[Result "0-1"]
[WhiteElo "2334"]
[BlackElo "2437"]

1.e4 c5 2.Nf3 Nc6 3.Bb5 g6 4.O-O Bg7 5.Re1 e5 6.Bxc6 dxc6 7.b3 Qe7 8.Bb2 g5
9.d3 Bg4 10.Nbd2 h5 11.Nf1 Bd7 12.Ne3 g4 13.Nd2 Nh6 14.f4 gxf3 15.Nxf3 O-O-O
16.Nf5 Nxf5 17.exf5 f6 18.Nh4 Rh7 19.Qf3 Qd6 20.Qf2 Bh6 21.a4 Bg5 22.Re4 Rg8
23.Ng6 Rh6 24.Ba3 b6 25.d4 Rhxg6 26.fxg6 Qd5 27.Ree1 cxd4 28.Bc1 Rxg6 29.Bxg5 Rxg5
30.a5 c5 31.c4 dxc3 32.Red1 Qe4 33.axb6 axb6 34.Ra7 c2 35.Rc1 Rxg2+  0-1

[Event "Faro op"]
[Site "Algarve"]
[Date "1999.08.16"]
[Round "7"]
[White "Fernandez Siles, Luis"]
[Black "Georgiev, Vladimir"]
[Result "0-1"]
[WhiteElo "2227"]
[BlackElo "2519"]

1.e4 c5 2.Nf3 Nc6 3.Bb5 g6 4.O-O Bg7 5.Re1 e5 6.b4 cxb4 7.a3 Nge7 8.axb4 O-O
9.Bb2 Qb6 10.Na3 d6 11.Bxc6 Qxc6 12.c4 Bg4 13.d4 f5 14.b5 Qc7 15.h3 Bh5 16.Qb3 Bxf3
17.Qxf3 exd4 18.Qd3 fxe4 19.Rxe4 Nf5 20.Rc1 Rac8 21.f4 Qc5 22.g4 Nh4 23.Rf1 d5
24.cxd5 Qxd5 25.Nb1 Qc4 26.Qxc4+ Rxc4 27.Ba3 Rfc8 28.Be7 Nf5 29.gxf5 gxf5
30.Re2 Re8 31.Rfe1 d3 32.Rd2 Kf7 33.Na3 Rc3 34.b6 a6 35.Red1 Bd4+ 36.Kg2 Rxe7
37.Rxd3 Re2+ 38.Kf3 Re3+ 39.Rxe3 Rxe3+ 40.Kg2 Rxa3 41.Rxd4 Ke6 42.Rd8 Rb3
43.Rh8 Rxb6 44.Rxh7 Rb2+ 45.Kg3 a5 46.Rh6+ Kf7 47.Rh5 Kf6 48.Rh6+ Kg7 49.Rh5 Rb3+
50.Kh4 Kg6 51.Rg5+ Kf6 52.Rh5 a4 53.Rh6+ Kg7 54.Rd6 a3 55.Kg5 Rb5 56.Rd7+ Kf8
57.Rd8+ Kf7 58.Ra8 Rb3 59.h4 Ke6 60.Re8+ Kd5 61.Ra8 b5 62.Kxf5 b4 63.Kf6 Rh3
64.h5 Kc4 65.Kg5 Kb3 66.h6 Ka2 67.Kg6 b3 68.h7 b2 69.h8=Q  0-1

[Event "Valoz Cup"]
[Site "Olomouc"]
[Date "1999.08.16"]
[Round "11"]
[White "Balenovic, Zvonimir"]
[Black "Salai, Ladislav"]
[Result "0-1"]
[WhiteElo "2288"]
[BlackElo "2409"]

1.e4 c5 2.Nf3 Nc6 3.Bb5 g6 4.O-O Bg7 5.c3 Nf6 6.Re1 O-O 7.d4 d5 8.e5 Ne4
9.Bxc6 bxc6 10.Nbd2 cxd4 11.cxd4 c5 12.dxc5 Nxc5 13.Nb3 Nxb3 14.Qxb3 Bf5
15.Bg5 Qd7 16.Rad1 Rfb8 17.Qxd5 Qxd5 18.Rxd5 Rxb2 19.Rd2 Rxd2 20.Nxd2 Rd8
21.Nf3 Rd7 22.h3 h6 23.Bh4 g5 24.Bg3 Be6 25.a3 a5 26.Re4 Rd1+ 27.Re1 Rd3
28.Re3 Rxe3 29.fxe3 a4 30.e4 Bb3 31.Nd4 e6 32.Nb5 h5 33.Kf2 h4 34.Bh2 Bf8
35.Nd6 Be7 36.Ke2 f6 37.Kd3 fxe5 38.Bxe5 Kh7 39.Nb5 Kg6 40.Bd6 Bf6 41.Nd4 Ba2
42.Nc6 Bb1+ 43.Ke3 Bb2 44.Ne5+ Kh5 45.Nd3 Bc3 46.Nc5 e5 47.Nd7 Bd4+ 48.Kf3 Bc2
49.g4+ hxg3 50.Kxg3 Bb2 51.Nxe5 Bxe4 52.Nd7 Bc6 53.Ne5 Bd5 54.Nd3 Bc3 55.Be5 Bd2
56.Nc5 Bc6 57.Nd3 Bb5 58.Nb2 Bc1 59.Bd4 Bf4+ 60.Kg2 Bd6 61.Nd1 Bxa3  0-1

[Event "FRA-ch qual"]
[Site "Bescanon"]
[Date "1999.08.18"]
[Round "1"]
[White "Abello, Sebastien"]
[Black "Flament, Francois"]
[Result "1-0"]
[WhiteElo "2221"]
[BlackElo "2039"]

1.e4 c5 2.Nf3 Nc6 3.Bb5 g6 4.O-O Bg7 5.Nc3 Nd4 6.Ba4 e5 7.Nxd4 cxd4 8.Nb5 Qb6
9.c3 a6 10.Na3 Ne7 11.cxd4 Qxd4 12.d3 b5 13.Bb3 O-O 14.Be3 Qd6 15.Rc1 Qf6
16.Nb1 Bb7 17.Nc3 Rfd8 18.Qd2 Rac8 19.Bg5 Qd6 20.f4 b4 21.Bxf7+ Kh8 22.Ne2 h6
23.Bxe7 Qxe7 24.Bxg6 Qf6 25.Bf5 exf4 26.Rxc8 Bxc8 27.Qxb4 Qxb2 28.Qxb2 Bxb2
29.Rb1 Be5 30.d4 Bc7 31.Kf2 a5 32.Kf3 Rf8 33.Nxf4 Kg7 34.g4 Ba6 35.h4 Bc4
36.Rb7 Bxf4 37.Kxf4 Bxa2 38.Ra7 Be6 39.Rxa5 Bxf5 40.gxf5  1-0

[Event "FRA-ch qual"]
[Site "Bescanon"]
[Date "1999.08.18"]
[Round "1"]
[White "Lagunes, Jean Renaud"]
[Black "Mohebbi, Jafar"]
[Result "1-0"]
[WhiteElo "2161"]
[BlackElo "2292"]

1.e4 c5 2.Nf3 Nc6 3.Bb5 Qb6 4.Nc3 e6 5.O-O Nge7 6.Re1 a6 7.Bf1 Ng6 8.b3 Be7
9.Bb2 O-O 10.g3 f5 11.exf5 Rxf5 12.Bd3 Rf8 13.h4 Nd4 14.Nxd4 cxd4 15.Na4 Qd6
16.Qg4 e5 17.h5 Nf4 18.gxf4 Rxf4 19.Qg2 Bh4 20.Re2 Rb8 21.Bc4+ Kh8 22.Qd5 Qf8
23.Qxe5 Rg4+ 24.Kf1 d6 25.Qxd6 Bf5 26.Qxf8+ Rxf8 27.Bf7 Bxc2 28.Nc5 b6 29.Rc1 Bf5
30.Ne6 Rb8 31.h6 Bf6 32.hxg7+ Bxg7 33.Nxg7 Rxg7 34.Bxd4 Bd3 35.Rc3 Bxe2+
36.Kxe2 Rf8 37.Rc7 Rd8 38.Bd5  1-0

[Event "Polanica Zdroj op"]
[Site "Polanica Zdroj"]
[Date "1999.08.18"]
[Round "2"]
[White "Bednarski, Jacek B"]
[Black "Zezulkin, Jurij"]
[Result "0-1"]
[WhiteElo "2277"]
[BlackElo "2478"]

1.e4 c5 2.Nf3 Nc6 3.Bb5 d6 4.O-O Bd7 5.Re1 Nf6 6.c3 a6 7.Bf1 Bg4 8.d3 e6
9.Nbd2 Be7 10.h3 Bh5 11.a3 d5 12.b4 dxe4 13.dxe4 O-O 14.Qb3 b5 15.c4 cxb4
16.cxb5 axb5 17.Bxb5 Nd4 18.Nxd4 Qxd4 19.Ra2 bxa3  0-1

[Event "Budapest FS08 IM"]
[Site "Budapest"]
[Date "1999.08.19"]
[Round "13"]
[White "Schneider, Attila"]
[Black "Dembo, Yelena"]
[Result "1/2-1/2"]
[WhiteElo "2395"]
[BlackElo "2244"]

1.e4 c5 2.Nf3 Nc6 3.Bb5 Nf6 4.e5 Nd5 5.Nc3 Nc7 6.Bxc6 dxc6 7.h3 g6 8.O-O Bg7
9.Ne4 b6 10.Re1 O-O 11.d3 Ne6 12.Neg5 Nd4 13.Nxd4 cxd4 14.e6 f6 15.Nf7 Qd5
16.Nh6+ Kh8  1/2-1/2

[Event "ESP-ch"]
[Site "Palencia"]
[Date "1999.08.19"]
[Round "1"]
[White "Castany Pampalona, Luis Maria"]
[Black "San Segundo, Pablo"]
[Result "1/2-1/2"]
[WhiteElo "2215"]
[BlackElo "2510"]

1.e4 c5 2.Nf3 Nc6 3.Bb5 g6 4.O-O Bg7 5.Re1 Nf6 6.c3 O-O 7.h3 e5 8.d4 cxd4
9.cxd4 Nxd4 10.Nxd4 exd4 11.e5 Nd5 12.Bc4 Nb6 13.Bb3 d6 14.Qxd4 dxe5 15.Qxd8 Rxd8
16.Bg5 Re8 17.Nc3 Be6 18.Nb5 h6 19.Be3 Bxb3 20.axb3 Nd5 21.Bxa7 e4 22.Rad1 Rad8
23.Rd2 Nf6 24.Nd6 Re6 25.Red1 Ne8 26.Nxb7 Rxd2 27.Rxd2 Re7 28.Rd8 Rxb7 29.Rxe8+ Kh7
30.Bc5 Rxb3  1/2-1/2

[Event "Polanica Zdroj op"]
[Site "Polanica Zdroj"]
[Date "1999.08.19"]
[Round "3"]
[White "Shilin, Denis"]
[Black "Agamaliev, Gamil"]
[Result "0-1"]
[WhiteElo "2394"]
[BlackElo "2478"]

1.e4 c5 2.Nf3 Nc6 3.Bb5 g6 4.O-O Bg7 5.Re1 Nf6 6.e5 Nd5 7.Nc3 Nc7 8.Bxc6 dxc6
9.Ne4 Ne6 10.d3 b6 11.Be3 Qc7 12.Neg5 h6 13.Nxe6 Bxe6 14.Bd2 g5 15.Bc3 g4
16.Nd2 Rg8 17.a3 h5 18.b4 cxb4 19.axb4 h4 20.Ne4 Bxe5 21.Bxe5 Qxe5 22.Nc5 Qf5
23.Nxe6 fxe6 24.Qe2 Kf7 25.Qe5 Rg6 26.Qd4 Qd5 27.Re4 Qxd4 28.Rxd4 Ke8 29.Ra6 Rg5
30.Kf1 e5 31.Re4 Kd7 32.h3 gxh3 33.gxh3 Rh5 34.Ke2 Kd6 35.Rg4 Rh7 36.d4 exd4
37.Rxd4+ Kc7 38.Ra3 a5 39.bxa5 Rxa5 40.Re3 Rc5 41.c4 b5 42.cxb5 cxb5 43.Rde4 Kd6
44.Rd4+ Rd5 45.Rde4 e5 46.Rg4 Rd4 47.Rg6+ Kd5 48.Rb6 Rb4 49.Rd3+ Kc5 50.Re6 Rh5
51.Rc3+ Rc4 52.Re3 Kd5 53.Rb6 Kc5 54.Re6 Rc2+ 55.Kd3 Rxf2 56.R6xe5+ Rxe5
57.Rxe5+ Kb6 58.Re3 Ka5 59.Kd4 Rc2 60.Kd3  0-1

[Event "Polanica Zdroj op"]
[Site "Polanica Zdroj"]
[Date "1999.08.19"]
[Round "3"]
[White "Brodsky, Michail"]
[Black "Dybowski, Jerzy"]
[Result "1-0"]
[WhiteElo "2512"]
[BlackElo "2290"]

1.e4 c5 2.Nf3 Nc6 3.Bb5 e6 4.O-O Nge7 5.c3 a6 6.Ba4 d5 7.exd5 Qxd5 8.d4 c4
9.Re1 Bd7 10.b3 O-O-O 11.bxc4 Qxc4 12.Bb3 Qb5 13.Nbd2 Ng6 14.Rb1 Qa5 15.Nc4 Qc7
16.Be3 Na5 17.Nxa5 Qxa5 18.Qc2 Bd6 19.c4 Kb8 20.c5 Be7 21.d5 exd5 22.Bxd5 Bb5
23.Bxb7 Kxb7 24.a4 Bf6 25.axb5 axb5 26.Qe4+ Kc7 27.Bf4+ Nxf4 28.Qxf4+ Kc8
29.Qe4 Rd7 30.c6 Rd6 31.Qf5+  1-0

[Event "FRA-ch qual"]
[Site "Bescanon"]
[Date "1999.08.20"]
[Round "3"]
[White "Abello, Sebastien"]
[Black "Brochet, Philippe"]
[Result "0-1"]
[WhiteElo "2221"]
[BlackElo "2349"]

1.e4 c5 2.Nf3 Nc6 3.Bb5 e5 4.O-O Nge7 5.c3 g6 6.d4 cxd4 7.cxd4 exd4 8.Bf4 Bg7
9.Bd6 O-O 10.Nbd2 a6 11.Bc4 b5 12.Bb3 a5 13.a4 Ba6 14.Re1 Nb4 15.axb5 Bxb5
16.Nc4 d3 17.e5 Nc2 18.Bxc2 dxc2 19.Qxc2 Rc8 20.b3 Re8 21.Nd4 Bxc4 22.bxc4 Nc6
23.Nxc6 Rxc6 24.g3 Qc8 25.c5 Rxd6 26.exd6 Bxa1 27.Rxa1 Qc6 28.Qc3 a4 29.Qb4 Ra8
30.Ra3 Qd5 31.Re3 h5 32.Qa3 h4 33.gxh4 Qd1+ 34.Kg2 Qg4+ 35.Rg3 Qxh4 36.Qc3 Qe4+  0-1

[Event "FRA-ch qual"]
[Site "Bescanon"]
[Date "1999.08.22"]
[Round "5"]
[White "Vallet, Marc"]
[Black "Lupu, Mircea Sergiu"]
[Result "0-1"]
[WhiteElo "2233"]
[BlackElo "2489"]

1.e4 c5 2.Nf3 Nc6 3.Bb5 Na5 4.c3 a6 5.Ba4 b5 6.Bc2 Bb7 7.d4 cxd4 8.Nxd4 e6
9.O-O Rc8 10.f4 Nf6 11.Nd2 Nc4 12.Nxc4 bxc4 13.e5 Nd5 14.f5 Qh4 15.Qf3 Bc5
16.fxe6 fxe6 17.Qf7+ Kd8 18.Ba4 Nb6 19.Be3 Qg4 20.Rf2 Nxa4 21.Rd2 Bd5 22.b3  0-1

[Event "FRA-ch qual"]
[Site "Bescanon"]
[Date "1999.08.22"]
[Round "5"]
[White "Lamorelle, Yves"]
[Black "Roser, Kevin"]
[Result "0-1"]
[WhiteElo "2195"]
[BlackElo "2316"]

1.e4 c5 2.Nf3 Nc6 3.Bb5 g6 4.O-O Bg7 5.c3 Nf6 6.d4 cxd4 7.cxd4 Nxe4 8.d5 Nd6
9.Na3 a6 10.Qa4 Na5 11.Bd3 b5 12.Qb4 Nac4 13.Nxc4 bxc4 14.Bf4 a5 15.Qc5 cxd3
16.Bxd6 exd6 17.Rfe1+ Kf8 18.Qxd6+ Kg8 19.Rac1 h6 20.Qe7 Qxe7 21.Rxe7 Bf6  0-1